logo

Bir Sreshtho Munshi Abdur Rouf Library
Jhenaidah Cadet College

Student nationalism in China, 1927-1937 (Record no. 9268)

MARC details
000 -LEADER
fixed length control field 00980nam a22002892a 4500
001 - CONTROL NUMBER
JCCL Control Number 9268
003 - CONTROL NUMBER IDENTIFIER
JCCL marc code BD - JhCC
005 - DATE AND TIME OF LATEST TRANSACTION
control field 20180716180718.0
008 - FIXED-LENGTH DATA ELEMENTS--GENERAL INFORMATION
fixed length control field 500101s1966 cauab b 000 0 eng d
035 ## - SYSTEM CONTROL NUMBER
system control number (BD - JhCC)9268
040 ## - CATALOGING SOURCE
Original cataloging agency WBU
Transcribing agency WBU
Modifying agency OCL
-- WSU
-- SER
-- EQO
-- BD - JhCC
041 ## - LANGUAGE CODE
Language code of Book eng
082 ## - DEWEY DECIMAL CLASSIFICATION NUMBER
Classification number 951.042
Author mark and Year ISR 1966
090 ## - LOCALLY ASSIGNED LC-TYPE CALL NUMBER (OCLC); LOCAL CALL NUMBER (OCLC)
Classification number (OCLC) (R) ; Classification number, CALL (RLIN) (NR) DS740.2.I85
Local cutter number (OCLC) ; Book number/undivided call number, CALL (RLIN) S9
100 1# - MAIN ENTRY--PERSONAL NAME
Personal name Israel, John,
Dates associated with a name 1935-
245 10 - TITLE STATEMENT
Title Student nationalism in China, 1927-1937
Statement of responsibility, etc John Israel
260 ## - PUBLICATION, DISTRIBUTION, ETC. (IMPRINT)
Place of publication, distribution, etc Stanford, Calif :
Name of publisher, distributor, etc Published for the Hoover Institution on War, Revolution, and Peace by Stanford University Press,
Date of publication, distribution, etc 1966
300 ## - PHYSICAL DESCRIPTION
Pagination ix, 253 p.
Other physical details illus., maps.
Dimensions 24 cm
490 1# - SERIES STATEMENT
Series statement Hoover Institution publication
504 ## - BIBLIOGRAPHY, ETC. NOTE
Bibliography, etc Bibliography: p. [231]-244
650 #0 - SUBJECT ADDED ENTRY--TOPICAL TERM
Topical term or geographic name as entry element Students
Geographic subdivision China
651 #0 - SUBJECT ADDED ENTRY--GEOGRAPHIC NAME
Geographic name China
General subdivision Politics and government
Chronological subdivision 1912-1949
710 2# - ADDED ENTRY--CORPORATE NAME
Corporate name or jurisdiction name as entry element Hoover Institution on War, Revolution, and Peace.
830 #0 - SERIES ADDED ENTRY--UNIFORM TITLE
Uniform title Hoover Institution publication
942 ## - ADDED ENTRY ELEMENTS (KOHA)
Source of classification or shelving scheme Dewey Decimal Classification
Koha item type Books
Holdings
Source of classification or shelving scheme Damaged status Not for loan Home library Current library Shelving location Total Checkouts Full call number Barcode Date last seen Copy number Koha item type
Dewey Decimal Classification     JCC Rouf Library JCC Rouf Library General Stacks   951.042 ISR 1966 12194 03/12/2018 C - 1 Books

JCC Library | Contacts | JCC Home

Last Update on 23 September 2017
Copyright @ 2017-2020 JCC Rouf Library
Rouf Library, Jhenidah Cadet College (JCC), Bangladesh